The principles and practice of electron microscopy / (Record no. 8635)

MARC details
000 -LEADER
fixed length control field 00719cam a2200241 a 4500
001 - CONTROL NUMBER
control field 3034698
003 - CONTROL NUMBER IDENTIFIER
control field OSt
005 - DATE AND TIME OF LATEST TRANSACTION
control field 20240619095950.0
008 - FIXED-LENGTH DATA ELEMENTS--GENERAL INFORMATION
fixed length control field 950728s1997 enka b 001 0 eng
010 ## - LIBRARY OF CONGRESS CONTROL NUMBER
LC control number 95037567
020 ## - INTERNATIONAL STANDARD BOOK NUMBER
International Standard Book Number 0521434564
020 ## - INTERNATIONAL STANDARD BOOK NUMBER
International Standard Book Number 0521435919
040 ## - CATALOGING SOURCE
Original cataloging agency DDC
Transcribing agency MUST
082 00 - DEWEY DECIMAL CLASSIFICATION NUMBER
Classification number 502.8 WAT 1997
Edition number 22
100 1# - MAIN ENTRY--PERSONAL NAME
Personal name Watt, Ian M.,
9 (RLIN) 17487
245 14 - TITLE STATEMENT
Title The principles and practice of electron microscopy /
Statement of responsibility, etc. Ian M. Watt.
250 ## - EDITION STATEMENT
Edition statement 2nd ed.
260 ## - PUBLICATION, DISTRIBUTION, ETC. (IMPRINT)
Place of publication, distribution, etc. Cambridge ;
-- New York :
Name of publisher, distributor, etc. Cambridge University Press,
Date of publication, distribution, etc. 1997.
300 ## - PHYSICAL DESCRIPTION
Extent x, 484 p. :
Other physical details ill. ;
Dimensions 26 cm.
504 ## - BIBLIOGRAPHY, ETC. NOTE
Bibliography, etc Includes bibliographical references and indexes.
650 #0 - SUBJECT ADDED ENTRY--TOPICAL TERM
Topical term or geographic name as entry element Electron microscopy.
9 (RLIN) 17488
942 ## - ADDED ENTRY ELEMENTS (KOHA)
Source of classification or shelving scheme Dewey Decimal Classification
Koha item type Open Shelf
Holdings
Withdrawn status Lost status Source of classification or shelving scheme Damaged status Not for loan Home library Current library Source of acquisition Inventory number Total Checkouts Full call number Barcode Date last seen Koha item type
    Other/Generic Classification Scheme     MUST Main Library MUST Main Library Donation 03/20543   502.8 WAR 1997 2024-20870 19/06/2024 Open Shelf